[Event "Gibtelecom Masters"]
[Site "Gibraltar"]
[Date "2008.01.22"]
[Round "1.77"]
[White "Goodger, Martyn"]
[Black "Reppen, Ellisiv"]
[Result "1/2-1/2"]
[WhiteElo "2113"]
[BlackElo "1918"]
[PlyCount "86"]
[EventDate "2008.01.22"]

1. e4 e5 2. Nf3 Nc6 3. Bb5 a6 4. Ba4 Nf6 5. Qe2 b5 6. Bb3 Be7 7. O-O d6 8. c3
O-O 9. Rd1 Na5 10. Bc2 c5 11. d4 cxd4 12. cxd4 Qc7 13. Nc3 Bg4 14. a3 exd4 15.
Rxd4 Nc6 16. Rd1 Ne5 17. Bf4 Bxf3 18. gxf3 Qc4 19. Bxe5 Qxe2 20. Nxe2 dxe5 21.
Nc3 Bc5 22. Ne2 Rfd8 23. Bb3 Bb6 24. Rac1 Rxd1+ 25. Rxd1 Rd8 26. Rxd8+ Bxd8 27.
a4 b4 28. Bc4 a5 29. Nc1 Nd7 30. Nd3 Bc7 31. Bb5 Nf8 32. Bc4 g6 33. Ne1 Nd7 34.
Nc2 Kf8 35. Ne3 Nb6 36. Bb3 h5 37. Nd5 Nxd5 38. Bxd5 Ke7 39. Kf1 Bb6 40. b3 Bd4
41. Bc4 Bc5 42. Bd5 Bd4 43. Bc4 Bc5 1/2-1/2

[Event "Gibtelecom Masters"]
[Site "Gibraltar"]
[Date "2008.01.22"]
[Round "1.78"]
[White "Jorgensen, Line Jin"]
[Black "Danielmeier, Ralf"]
[Result "1-0"]
[WhiteElo "1867"]
[BlackElo "2112"]
[PlyCount "91"]
[EventDate "2008.01.22"]

1. d4 Nf6 2. c4 g6 3. Nc3 d5 4. Bg5 Bg7 5. e3 c5 6. Bxf6 Bxf6 7. Nxd5 Bg7 8.
Nf3 Nc6 9. Be2 O-O 10. O-O e6 11. Nc3 cxd4 12. Nxd4 Nxd4 13. exd4 Bxd4 14. Qc2
Qh4 15. Rad1 Be5 16. g3 Qf6 17. Ne4 Qe7 18. f4 Bg7 19. Bf3 e5 20. fxe5 Bxe5 21.
b3 Bf5 22. Qg2 h5 23. Nf2 Rab8 24. Rfe1 b6 25. Rd5 f6 26. Kh1 Rbd8 27. g4 hxg4
28. Nxg4 Bxg4 29. Qxg4 Kg7 30. Rg1 Qf7 31. Be4 f5 32. Bxf5 Qxf5 33. Qxf5 Rxf5
34. Rxd8 Rf2 35. Re1 Bf4 36. Rd7+ Kf6 37. Rxa7 Rxh2+ 38. Kg1 Rd2 39. Ra6 Bc7
40. c5 Kf5 41. cxb6 Bg3 42. b7 g5 43. Re3 Bf4 44. Rf3 Kg4 45. Rxf4+ Kg3 46.
Rg4+ 1-0

[Event "Gibtelecom Masters"]
[Site "Gibraltar"]
[Date "2008.01.22"]
[Round "1.79"]
[White "Hansen, Pal Andreas"]
[Black "Matto, Manuel"]
[Result "1-0"]
[WhiteElo "2108"]
[BlackElo "1886"]
[PlyCount "39"]
[EventDate "2008.01.22"]

1. e4 e6 2. d4 d6 3. Nf3 Be7 4. Nc3 h6 5. Be2 Nd7 6. O-O Nf8 7. Be3 Nh7 8. Nd2
c6 9. f4 g5 10. Bh5 Nhf6 11. e5 Nd5 12. Nxd5 exd5 13. fxg5 hxg5 14. Rxf7 Kd7
15. Bxg5 Kc7 16. exd6+ Kxd6 17. Bf4+ Kd7 18. Qg4+ Ke8 19. Rf5+ Kd7 20. Rxd5#
1-0

[Event "Gibtelecom Masters"]
[Site "Gibraltar"]
[Date "2008.01.22"]
[Round "1.80"]
[White "Elsace, Daniel Yarur"]
[Black "Tofte, Sondre Waage"]
[Result "0-1"]
[WhiteElo "1845"]
[BlackElo "2108"]
[PlyCount "80"]
[EventDate "2008.01.22"]

1. e4 e5 2. Nf3 Nc6 3. Bc4 Nf6 4. d3 Be7 5. c3 O-O 6. O-O d5 7. exd5 Nxd5 8.
Bb3 Bg4 9. h3 Bh5 10. Re1 f5 11. Nbd2 Kh8 12. Bc2 Qd7 13. Nf1 Bf6 14. Ng3 Bg6
15. Ba4 Rae8 16. h4 e4 17. dxe4 fxe4 18. Ng5 Bxg5 19. Bxg5 Qf7 20. Rf1 h6 21.
Bb3 hxg5 22. Bxd5 Qf4 23. h5 Bh7 24. h6 gxh6 25. Nh5 Qd6 26. c4 Bg6 27. Rc1 Qe5
28. Bxc6 bxc6 29. Rc3 Rd8 30. Qe2 Qd4 31. Ng3 Qd2 32. Qg4 Qxb2 33. Re3 Qe5 34.
Nxe4 Rf4 35. Qh3 Rh4 36. Nxg5 Qxg5 37. Qe6 Rg4 38. g3 Re8 39. Qd7 Rxe3 40. Qd2
Rexg3+ 0-1

[Event "Gibtelecom Masters"]
[Site "Gibraltar"]
[Date "2008.01.22"]
[Round "1.81"]
[White "Almond, Richard J"]
[Black "Munz, Jostein"]
[Result "1-0"]
[WhiteElo "2107"]
[BlackElo "1861"]
[PlyCount "77"]
[EventDate "2008.01.22"]

1. d4 Nf6 2. c4 g6 3. Nf3 Bg7 4. Nc3 O-O 5. e4 d6 6. Be2 e5 7. O-O exd4 8. Nxd4
Re8 9. f3 Nc6 10. Be3 Nd7 11. Qd2 Nxd4 12. Bxd4 Bxd4+ 13. Qxd4 Ne5 14. Nd5 Be6
15. f4 Bxd5 16. cxd5 Nd7 17. Bb5 a6 18. Ba4 b5 19. Bc2 Qf6 20. Qb4 Nc5 21. e5
Qe7 22. Rae1 Rad8 23. e6 fxe6 24. f5 gxf5 25. Bxf5 e5 26. Re3 Rf8 27. Bxh7+
Kxh7 28. Rh3+ Kg8 29. Rg3+ Kh8 30. Rxf8+ Rxf8 31. Qg4 Qh7 32. Rh3 Rf7 33. b4
Nd7 34. Rxh7+ Kxh7 35. Qe6 Kg7 36. g4 Nf6 37. h4 Kf8 38. h5 Rg7 39. Qxf6+ 1-0

[Event "Gibtelecom Masters"]
[Site "Gibraltar"]
[Date "2008.01.22"]
[Round "1.82"]
[White "Aagedal, Geir Ole"]
[Black "Suez-Panama, Gilles"]
[Result "1-0"]
[WhiteElo "1839"]
[BlackElo "2099"]
[PlyCount "137"]
[EventDate "2008.01.22"]

1. c4 Nf6 2. Nc3 c5 3. g3 Nc6 4. Bg2 Rb8 5. e4 d6 6. Nge2 e5 7. O-O Be7 8. a3
a6 9. Nd5 b5 10. d3 O-O 11. Rb1 Nxd5 12. cxd5 Na5 13. b4 Nb7 14. f4 f5 15. fxe5
dxe5 16. Kh1 fxe4 17. dxe4 cxb4 18. axb4 Rxf1+ 19. Qxf1 Nd6 20. Bd2 Nc4 21. Bc3
Bg4 22. Ng1 Bd6 23. Bf3 Bxf3+ 24. Nxf3 Qe7 25. Qh3 Rf8 26. Nh4 g6 27. Qg4 Kh8
28. Qe2 Qf6 29. Kg2 Be7 30. Nf3 Qd6 31. Qd3 Bf6 32. Rf1 Qb6 33. Re1 Bg7 34. Re2
h6 35. h4 Qd6 36. Nh2 Qf6 37. Nf3 Qd6 38. Nd2 Nb6 39. Nb3 Qf6 40. Ra2 Na4 41.
Be1 Qd6 42. Rc2 g5 43. hxg5 hxg5 44. Rc6 Qd7 45. Nc5 Nxc5 46. bxc5 g4 47. Qe3
Qf7 48. Bf2 Qh5 49. Rxa6 Qh3+ 50. Kg1 b4 51. Rb6 Rf3 52. Qe1 b3 53. c6 Rf7 54.
Rb7 Rf8 55. c7 Qh7 56. Rxb3 Bf6 57. d6 Qd7 58. Rd3 Kg7 59. Be3 Rh8 60. Qf1 Rh5
61. Qd1 Rh8 62. Qd2 Kg6 63. Rc3 Qh7 64. Qg2 Qd7 65. Qf2 Kg7 66. Qf5 Qa4 67.
Qxg4+ Kf7 68. c8=Q Rxc8 69. Rxc8 1-0

[Event "Gibtelecom Masters"]
[Site "Gibraltar"]
[Date "2008.01.22"]
[Round "1.83"]
[White "Waters, Michael"]
[Black "Gonzalez Amaya, Millan"]
[Result "1-0"]
[WhiteElo "2102"]
[BlackElo "1823"]
[PlyCount "45"]
[EventDate "2008.01.22"]

1. e4 e5 2. Nf3 Nf6 3. Bc4 Nxe4 4. Nc3 Nxc3 5. dxc3 f6 6. O-O Nc6 7. Re1 Be7 8.
Qd5 Rf8 9. Be3 b6 10. Rad1 Bb7 11. Qd3 f5 12. Ng5 e4 13. Qe2 Bd6 14. Rxd6 cxd6
15. Nxh7 Qh4 16. Nxf8 Kxf8 17. Qd2 Qf6 18. Bd5 Rc8 19. Rd1 Qg6 20. Kh1 Ke7 21.
Bg5+ Ke8 22. Qf4 Ba8 23. Qh4 1-0

[Event "Gibtelecom Masters"]
[Site "Gibraltar"]
[Date "2008.01.22"]
[Round "1.85"]
[White "Flores Chico, Jorge"]
[Black "Jacobsen, Maria Pitz"]
[Result "1-0"]
[WhiteElo "2092"]
[BlackElo "1799"]
[PlyCount "55"]
[EventDate "2008.01.22"]

1. d4 Nf6 2. Nc3 d5 3. Bg5 e6 4. e4 dxe4 5. Bxf6 Qxf6 6. Nxe4 Qf5 7. Bd3 Qa5+
8. c3 Bd7 9. Nf3 Be7 10. Ne5 Bb5 11. Qh5 g6 12. Nxg6 fxg6 13. Qxb5+ Qxb5 14.
Bxb5+ c6 15. Bc4 Kf7 16. O-O Nd7 17. f4 Nb6 18. Bb3 Nd5 19. Rae1 Rae8 20. Bd1
Kg7 21. Bg4 Rhf8 22. g3 Nc7 23. Re2 b6 24. Rfe1 Kf7 25. Nd2 Bd8 26. Nc4 Kf6 27.
Ne5 c5 28. Nd7+ 1-0

[Event "Gibtelecom Masters"]
[Site "Gibraltar"]
[Date "2008.01.22"]
[Round "1.86"]
[White "Kuenitz, Klaus"]
[Black "Perman, Torvald"]
[Result "1/2-1/2"]
[WhiteElo "1645"]
[BlackElo "2092"]
[PlyCount "95"]
[EventDate "2008.01.22"]

1. d4 Nf6 2. c4 e6 3. Nf3 b6 4. Bg5 Bb7 5. e3 h6 6. Bxf6 Qxf6 7. Be2 c5 8. O-O
Nc6 9. d5 exd5 10. cxd5 Ne5 11. Nc3 Bd6 12. Ne4 Nxf3+ 13. Bxf3 Qe5 14. Nxd6+
Qxd6 15. e4 O-O 16. Qa4 Rfe8 17. Rfe1 a6 18. e5 Rxe5 19. Rxe5 Qxe5 20. Qxd7 Re8
21. g3 Bc8 22. Qa4 b5 23. Qa3 b4 24. Qe3 Qxe3 25. fxe3 Bb7 26. Kf2 f5 27. Rc1
Rc8 28. g4 fxg4 29. Bxg4 Rf8+ 30. Ke2 Bxd5 31. Rxc5 Bxa2 32. Bf5 Kf7 33. e4 Kf6
34. Ke3 Rd8 35. h4 Rd1 36. Rc6+ Ke5 37. Rxa6 Bc4 38. Ra5+ Kf6 39. h5 Bf7 40.
Rb5 b3 41. Bg6 Bxg6 42. Rb6+ Ke5 43. hxg6 Re1+ 44. Kf3 Rf1+ 45. Ke3 Re1+ 46.
Kf3 Rf1+ 47. Ke3 Re1+ 48. Kf3 1/2-1/2

[Event "Gibtelecom Masters"]
[Site "Gibraltar"]
[Date "2008.01.22"]
[Round "1.99"]
[White "Mortensen, Henrik"]
[Black "Van Kemenade, Rudy"]
[Result "1-0"]
[WhiteElo "2034"]
[BlackElo "2029"]
[PlyCount "91"]
[EventDate "2008.01.22"]

1. e4 e5 2. Nc3 Nf6 3. Nf3 Bb4 4. d3 O-O 5. Bg5 h6 6. Bd2 Re8 7. g3 d5 8. Bg2
Nc6 9. O-O Bxc3 10. Bxc3 dxe4 11. dxe4 Qxd1 12. Raxd1 Bg4 13. h3 Bh5 14. g4 Bg6
15. Nd2 Rad8 16. f3 Nh7 17. Nc4 f6 18. b3 Nd4 19. Bxd4 Rxd4 20. Rxd4 exd4 21.
Na5 Re6 22. Nxb7 Ra6 23. a4 Bf7 24. Rd1 Rc6 25. Rd2 d3 26. c4 Ng5 27. Rxd3 Ne6
28. Nd8 Nc5 29. Nxc6 Nxd3 30. Bf1 Nc5 31. b4 Nxa4 32. Nxa7 Kf8 33. c5 Ke7 34.
Nb5 c6 35. Nd4 Kd7 36. Nf5 Nc3 37. Nxg7 Na2 38. b5 Nc3 39. bxc6+ Kxc6 40. h4
Kxc5 41. h5 Kd4 42. Nf5+ Ke5 43. Nxh6 Be6 44. Nf5 Kf4 45. Nd4 Bxg4 46. h6 1-0

[Event "Gibtelecom Masters"]
[Site "Gibraltar"]
[Date "2008.01.23"]
[Round "2.7"]
[White "Areshchenko, Alexander"]
[Black "Zhao, Zong-Yuan"]
[Result "1/2-1/2"]
[WhiteElo "2645"]
[BlackElo "2487"]
[PlyCount "86"]
[EventDate "2008.01.22"]

1. e4 e5 2. Nf3 Nc6 3. Bb5 a6 4. Ba4 Nf6 5. d3 b5 6. Bb3 Be7 7. O-O O-O 8. Re1
d6 9. c3 Na5 10. Bc2 c5 11. Nbd2 Nc6 12. Nf1 Re8 13. Ng3 Bf8 14. h3 g6 15. Be3
d5 16. Bg5 d4 17. a4 Rb8 18. axb5 axb5 19. Qd2 Bg7 20. Rec1 Be6 21. cxd4 Nxd4
22. Nxd4 Qxd4 23. Ne2 Qd6 24. Ra7 Ra8 25. Qa5 Rxa7 26. Qxa7 c4 27. dxc4 bxc4
28. Nc3 Qb8 29. Qa2 Qb7 30. Rd1 Ra8 31. Qb1 Rb8 32. Na4 Qc6 33. Nc3 Qb7 34. Qc1
h6 35. Bxf6 Bxf6 36. Qxh6 Qe7 37. Qc1 Bg5 38. Qa1 Qc5 39. Nd5 Bh4 40. Rd2 Bg5
41. Rd1 Bh4 42. Rd2 Bg5 43. Rd1 Bh4 1/2-1/2

[Event "Gibtelecom Masters"]
[Site "Gibraltar"]
[Date "2008.01.23"]
[Round "2.9"]
[White "Cmilyte, Viktorija"]
[Black "Socko, Bartosz"]
[Result "1/2-1/2"]
[WhiteElo "2475"]
[BlackElo "2635"]
[PlyCount "63"]
[EventDate "2008.01.22"]

1. d4 Nf6 2. c4 e6 3. Nc3 Bb4 4. Qc2 O-O 5. a3 Bxc3+ 6. Qxc3 d6 7. Bg5 Nbd7 8.
e3 b6 9. Ne2 c5 10. Rd1 Qc7 11. Qc2 Ba6 12. Nc3 cxd4 13. Rxd4 Rfc8 14. Bxf6
Nxf6 15. Qa4 e5 16. Rd2 Bxc4 17. Bxc4 Qxc4 18. Qxc4 Rxc4 19. Rxd6 Kf8 20. Ke2
Ke7 21. Rhd1 Rac8 22. f3 R4c6 23. R6d2 a6 24. e4 h5 25. h4 b5 26. Ke3 Rc5 27.
g3 g6 28. Rd3 R8c7 29. Rd8 Rc8 30. R8d3 R8c7 31. Rd8 Rc8 32. R8d3 1/2-1/2

[Event "Gibtelecom Masters"]
[Site "Gibraltar"]
[Date "2008.01.23"]
[Round "2.11"]
[White "Kuzubov, Yuriy"]
[Black "Socko, Monika"]
[Result "0-1"]
[WhiteElo "2606"]
[BlackElo "2479"]
[PlyCount "80"]
[EventDate "2008.01.22"]

1. d4 Nf6 2. c4 e6 3. Nf3 Bb4+ 4. Nbd2 b6 5. a3 Bxd2+ 6. Bxd2 Bb7 7. Bg5 d6 8.
e3 Nbd7 9. Bh4 h6 10. Bd3 g5 11. Bg3 h5 12. h4 g4 13. Ng5 Bxg2 14. Rg1 Bb7 15.
Qa4 a6 16. Rc1 Ke7 17. Qc2 Ne8 18. b4 f6 19. Ne4 c5 20. bxc5 bxc5 21. Rb1 Bc6
22. Nc3 cxd4 23. exd4 Rc8 24. Kd2 e5 25. Rge1 Kf8 26. c5 dxc5 27. d5 Bb5 28.
Nxb5 axb5 29. Bxb5 Nd6 30. Bxd7 Qxd7 31. Rb6 Kf7 32. Bxe5 fxe5 33. Rxe5 Rce8
34. Rxe8 Nxe8 35. Qg6+ Kf8 36. d6 Rh7 37. Rb8 Qf7 38. Qe4 Rh6 39. Kc1 Rxd6 40.
Qe5 Qc4+ 0-1

[Event "Gibtelecom Masters"]
[Site "Gibraltar"]
[Date "2008.01.23"]
[Round "2.12"]
[White "Muzychuk, Anna"]
[Black "Petrosian, Tigran L"]
[Result "0-1"]
[WhiteElo "2460"]
[BlackElo "2606"]
[PlyCount "93"]
[EventDate "2008.01.22"]

1. e4 c5 2. c4 Nc6 3. Ne2 g6 4. d4 cxd4 5. Nxd4 Nf6 6. Nc3 d6 7. Be2 Nxd4 8.
Qxd4 Bg7 9. Be3 O-O 10. Qd2 a5 11. O-O a4 12. f3 Qa5 13. Rab1 Be6 14. Rfc1 Rfc8
15. b3 axb3 16. axb3 Qb4 17. Na4 Qxd2 18. Bxd2 Nd7 19. Bc3 Bh6 20. Rc2 f5 21.
Bd3 Be3+ 22. Kf1 f4 23. Ke2 Rc6 24. Bb2 Nc5 25. Nxc5 dxc5 26. Bc1 Bxc1 27.
Rcxc1 Kf7 28. Ra1 Rca6 29. Rxa6 Rxa6 30. Kd2 Kf6 31. Kc3 Ke5 32. g4 g5 33. h4
gxh4 34. Rh1 Bf7 35. Rxh4 Bg6 36. Rh1 Kf6 37. Bc2 Kg5 38. e5 Ra2 39. Bxg6 hxg6
40. Rh7 Rf2 41. Rxe7 Rxf3+ 42. Kc2 Re3 43. Re6 f3 44. Rf6 Kh4 45. Kd2 Re2+ 46.
Kd3 Kg3 47. Rf7 0-1

[Event "Gibtelecom Masters"]
[Site "Gibraltar"]
[Date "2008.01.23"]
[Round "2.13"]
[White "Malakhatko, Vadim"]
[Black "Harika, Dronavalli"]
[Result "1/2-1/2"]
[WhiteElo "2600"]
[BlackElo "2455"]
[PlyCount "133"]
[EventDate "2008.01.22"]

1. d4 Nf6 2. c4 g6 3. Nc3 d5 4. Bg5 Ne4 5. Bh4 Nxc3 6. bxc3 dxc4 7. Qa4+ Qd7 8.
Qxc4 b6 9. Bg3 c5 10. Be5 Ba6 11. Qb3 f6 12. Bxb8 Rxb8 13. Nf3 cxd4 14. cxd4 e6
15. e4 Bxf1 16. Kxf1 a5 17. h4 a4 18. Qe3 Be7 19. g3 O-O 20. Kg2 b5 21. Rhd1 b4
22. d5 e5 23. h5 g5 24. Qd3 Rfd8 25. Nd2 Bc5 26. Rac1 Bd4 27. Nf3 Bc3 28. Ng1
Bb2 29. Rc2 Bd4 30. Nf3 Bc3 31. Ng1 Bd4 32. Ne2 b3 33. Rc6 f5 34. Nxd4 fxe4 35.
Qe3 exd4 36. Qxg5+ Qg7 37. Qf4 Qf7 38. Rf6 Qxh5 39. axb3 Qf3+ 40. Qxf3 exf3+
41. Rxf3 axb3 42. Rb1 b2 43. Rd3 Rxd5 44. Rd2 d3 45. Kf3 h5 46. Ke4 Rd7 47. f4
Rb3 48. Ke3 Re7+ 49. Kd4 Reb7 50. Ke3 Kf7 51. Rxd3 Kf6 52. Kd2 Rxd3+ 53. Kxd3
Rb3+ 54. Kc4 Rxg3 55. Rxb2 h4 56. Rb5 Kg6 57. Rb8 Rf3 58. Kd4 Rxf4+ 59. Ke3 Rf5
60. Rb2 Kh5 61. Rf2 Rg5 62. Rf8 Kg4 63. Kf2 Kh3 64. Rf4 Rg2+ 65. Kf1 Ra2 66.
Kg1 Kg3 67. Rf8 1/2-1/2

[Event "Gibtelecom Masters"]
[Site "Gibraltar"]
[Date "2008.01.23"]
[Round "2.15"]
[White "Greet, Andrew N"]
[Black "Banikas, Hristos"]
[Result "0-1"]
[WhiteElo "2444"]
[BlackElo "2592"]
[PlyCount "56"]
[EventDate "2008.01.22"]

1. e4 c6 2. d4 d5 3. Nc3 dxe4 4. Nxe4 Nd7 5. Ng5 Ngf6 6. Bd3 g6 7. N1f3 Bg7 8.
Qe2 O-O 9. h4 h6 10. h5 gxh5 11. Ne4 Nxe4 12. Qxe4 Nf6 13. Qf4 c5 14. dxc5 Qa5+
15. Bd2 Qxc5 16. O-O-O Bg4 17. Be3 Qa5 18. Bd4 Rfd8 19. Rde1 Qxa2 20. Ne5 Rac8
21. c3 Be6 22. Bb1 Qa4 23. Rh4 Ng4 24. Bc2 Qa1+ 25. Bb1 Rxd4 26. Qxd4 Nxe5 27.
Rxe5 Ba2 28. Kd2 Qxb1 0-1

[Event "Gibtelecom Masters"]
[Site "Gibraltar"]
[Date "2008.01.23"]
[Round "2.16"]
[White "Berg, Emanuel"]
[Black "Butnorius, Algimantas"]
[Result "1-0"]
[WhiteElo "2583"]
[BlackElo "2441"]
[PlyCount "137"]
[EventDate "2008.01.22"]

1. e4 e5 2. Nf3 Nc6 3. Bb5 a6 4. Ba4 Nf6 5. O-O Be7 6. Re1 b5 7. Bb3 d6 8. c3
O-O 9. h3 Nb8 10. d4 Nbd7 11. Nbd2 Bb7 12. Bc2 Re8 13. Nf1 Bf8 14. Ng3 g6 15.
b3 Bg7 16. d5 Rc8 17. c4 c6 18. dxc6 Rxc6 19. cxb5 axb5 20. Bd3 b4 21. Bb5 Rc5
22. Ba4 d5 23. Bg5 d4 24. Qd2 Qc7 25. Qxb4 Rc8 26. Rac1 h6 27. Bxd7 Nxd7 28.
Bd2 Bf8 29. Rxc5 Nxc5 30. Rc1 h5 31. Bg5 Qb8 32. Qb5 Nxe4 33. Nxe4 Bxe4 34.
Qxb8 Rxb8 35. Nxe5 Ra8 36. Nd7 Ba3 37. Rd1 Bf5 38. Rxd4 Bb2 39. Rd2 Bc3 40. Rd5
Rxa2 41. Nf6+ Kg7 42. Nxh5+ Kh7 43. Nf6+ Kg7 44. Ne8+ Kh7 45. Bf6 Bxf6 46.
Nxf6+ Kg7 47. Ne8+ Kf8 48. Nd6 Be6 49. Rb5 Ra1+ 50. Kh2 Ra2 51. f3 Rb2 52. Nc4
Rb1 53. Kg3 Rc1 54. Ne5 Rb1 55. b4 Rb2 56. Rb8+ Ke7 57. Rb7+ Kf6 58. Nd3 Rd2
59. Nc5 Bf5 60. h4 Rc2 61. Nd7+ Ke6 62. Nf8+ Kf6 63. Nh7+ Kg7 64. Ng5 Bd3 65.
Rxf7+ Kg8 66. Rd7 Bf1 67. Rd8+ Kg7 68. Ne6+ Kf6 69. Nf4 1-0

[Event "Gibtelecom Masters"]
[Site "Gibraltar"]
[Date "2008.01.23"]
[Round "2.17"]
[White "Papadopoulos, Ioannis"]
[Black "Al-Modiahki, Mohamad"]
[Result "0-1"]
[WhiteElo "2444"]
[BlackElo "2569"]
[PlyCount "50"]
[EventDate "2008.01.22"]

1. e4 c5 2. Nf3 Nc6 3. d4 cxd4 4. Nxd4 g6 5. c4 Nf6 6. Nc3 d6 7. Be2 Nxd4 8.
Qxd4 Bg7 9. Bg5 O-O 10. Qd2 a5 11. Rc1 a4 12. f3 Be6 13. Nd5 Bxd5 14. cxd5 Nd7
15. Qb4 Nc5 16. O-O h6 17. Bd2 f5 18. exf5 Rxf5 19. Bc3 Bxc3 20. bxc3 Kh7 21.
Qd4 Qg8 22. c4 Qg7 23. Qd2 Raf8 24. f4 g5 25. Bd3 Qd4+ 0-1

[Event "Gibtelecom Masters"]
[Site "Gibraltar"]
[Date "2008.01.23"]
[Round "2.19"]
[White "Hammer, Jon Ludvig"]
[Black "Sulskis, Sarunas"]
[Result "1/2-1/2"]
[WhiteElo "2441"]
[BlackElo "2553"]
[PlyCount "185"]
[EventDate "2008.01.22"]

1. e4 c6 2. d4 d5 3. Nd2 g6 4. c3 Nh6 5. h3 Bg7 6. Ngf3 O-O 7. Bd3 f6 8. O-O
Nf7 9. c4 e6 10. Re1 Re8 11. b3 f5 12. exf5 exf5 13. Bb2 Be6 14. Qc2 Nd7 15.
Re2 Nf6 16. Ne5 Nxe5 17. dxe5 Nh5 18. Ree1 Nf4 19. Bf1 Qg5 20. g3 dxc4 21. bxc4
Nh5 22. Nf3 Qe7 23. Kh2 Rad8 24. Rad1 c5 25. Be2 Bh6 26. Ng1 Ng7 27. Qc3 Rxd1
28. Rxd1 Rd8 29. Rxd8+ Qxd8 30. f4 g5 31. fxg5 Qxg5 32. h4 Qd8 33. Qd3 Qxd3 34.
Bxd3 f4 35. Ne2 Nh5 36. gxf4 Bxf4+ 37. Nxf4 Nxf4 38. Bf1 Bf5 39. Kg3 Bd3 40.
Kxf4 Bxf1 41. e6 Bxc4 42. a3 Bxe6 43. Be5 Kf7 44. Bd6 c4 45. Ke3 Ke8 46. Kd4
Kd7 47. Bf8 Bf7 48. Bc5 Kc7 49. Bf8 b6 50. Be7 Kc6 51. Bf8 a5 52. Be7 Kd7 53.
Bf8 Kc6 54. Be7 Kb5 55. Bd8 Bh5 56. Bc7 Be2 57. Bd8 Bf1 58. Bc7 Ka6 59. Bd8 b5
60. Kc3 Be2 61. Bc7 Bd1 62. Bd8 Bb3 63. Bc7 Bd1 64. Bd8 Bh5 65. Bc7 Bf7 66. Bd8
b4+ 67. axb4 a4 68. b5+ Kxb5 69. Be7 Bh5 70. Bf8 Bd1 71. Be7 Bb3 72. Bf8 Kc6
73. Be7 Kd5 74. Ba3 Ke4 75. Bb4 Kf3 76. Be7 Kf4 77. Kb4 Kf5 78. Kc3 Ke6 79. Ba3
Kf6 80. Bb4 Kg6 81. Be7 Kh5 82. Kb2 Kg4 83. Bd8 Kf4 84. Be7 Kf3 85. Kc3 Kf2 86.
Kb2 Bd1 87. Kc3 Be2 88. Kb4 Ke3 89. Kxa4 c3 90. Ka3 Kd2 91. Bb4 Bh5 92. Ba5 Bg6
93. Bb4 1/2-1/2

[Event "Gibtelecom Masters"]
[Site "Gibraltar"]
[Date "2008.01.23"]
[Round "2.21"]
[White "Felgaer, Ruben"]
[Black "Rosberg, Simon"]
[Result "1-0"]
[WhiteElo "2539"]
[BlackElo "2246"]
[PlyCount "143"]
[EventDate "2008.01.22"]

1. e4 c5 2. Nf3 e6 3. d4 cxd4 4. Nxd4 a6 5. Nc3 Qc7 6. g3 Nf6 7. Bg2 Nc6 8. O-O
Nxd4 9. Qxd4 Bc5 10. Qd3 O-O 11. Bf4 d6 12. Rad1 e5 13. Bg5 Be6 14. Bxf6 gxf6
15. Nd5 Bxd5 16. exd5 Kg7 17. Qf5 Rh8 18. Qh5 Bb6 19. Be4 Qc4 20. Qg4+ Kf8 21.
Rd3 h5 22. Qf5 Ke7 23. Rb3 Qc7 24. h4 Bc5 25. Bf3 b5 26. Bxh5 Qc8 27. Bg4 Qxf5
28. Bxf5 b4 29. a3 a5 30. axb4 axb4 31. Kg2 Kf8 32. Re1 Kg7 33. Re4 Rh5 34. Bg4
Rhh8 35. Rc4 Kg6 36. Rf3 Kg7 37. Bd7 Ra7 38. Bf5 Ra2 39. b3 Raa8 40. Bd7 Rh6
41. Bf5 Rhh8 42. Bd3 Rh6 43. Rf5 Kf8 44. h5 Ke7 45. g4 Rg8 46. Kh3 Ra8 47. Rf3
Rhh8 48. Kg2 Rab8 49. Rh3 Rh6 50. Bf5 Kf8 51. Rd3 Rh8 52. Rxc5 dxc5 53. d6 Kg7
54. d7 Rhd8 55. Rd6 Rb7 56. Rc6 Rdxd7 57. Bxd7 Rxd7 58. Rxc5 Kh6 59. Rc4 Rb7
60. Kg3 Kg5 61. Rc5 Kh6 62. Kh4 Rd7 63. Rc6 Kg7 64. Rc4 Rb7 65. Kg3 Rb5 66. Kf3
Rb6 67. Ke4 Rb7 68. Kf5 Rb6 69. f3 Kh6 70. Rc7 Kg7 71. h6+ Kg8 72. h7+ 1-0

[Event "Gibtelecom Masters"]
[Site "Gibraltar"]
[Date "2008.01.23"]
[Round "2.25"]
[White "Mikhalevski, Victor"]
[Black "Jaime Montalvan, Luis Feliz"]
[Result "1-0"]
[WhiteElo "2632"]
[BlackElo "2170"]
[PlyCount "59"]
[EventDate "2008.01.22"]

1. d4 d5 2. c4 e6 3. Nf3 c6 4. g3 f5 5. Bg2 Nf6 6. O-O Bd6 7. b3 Qe7 8. Bb2 O-O
9. Qc1 b6 10. Ba3 Bxa3 11. Nxa3 Bb7 12. Nc2 Nbd7 13. Nce1 c5 14. Nd3 Ne4 15.
cxd5 exd5 16. Qa3 Rfc8 17. Rac1 Rc7 18. Rc2 a5 19. dxc5 Ndxc5 20. Rfc1 Nxd3 21.
Qxe7 Rxe7 22. exd3 Nc5 23. Rc3 Rd8 24. d4 Ne6 25. Bf1 Rdd7 26. Bb5 Rc7 27. Bc6
Bxc6 28. Rxc6 Kf7 29. Ng5+ Kf6 30. Nxh7+ 1-0

[Event "Gibtelecom Masters"]
[Site "Gibraltar"]
[Date "2008.01.23"]
[Round "2.26"]
[White "Van Den Bersselaar, Jeroen"]
[Black "Agdestein, Simen"]
[Result "0-1"]
[WhiteElo "2164"]
[BlackElo "2589"]
[PlyCount "76"]
[EventDate "2008.01.22"]

1. d4 Nf6 2. c4 c5 3. d5 b5 4. cxb5 a6 5. bxa6 g6 6. Nc3 Bxa6 7. e4 Bxf1 8.
Kxf1 d6 9. h3 Bg7 10. Nge2 O-O 11. Kg1 Qa5 12. Kh2 Nfd7 13. Bg5 Re8 14. Rc1 Ne5
15. b3 Qa6 16. Rc2 Nd3 17. Be3 Nb4 18. Rd2 Nd7 19. f4 Rf8 20. Rf1 f5 21. exf5
Rxf5 22. Rf3 Raf8 23. Na4 Qb7 24. Nec3 h5 25. a3 Na6 26. Ne4 Nc7 27. Nac3 Nf6
28. Nxf6+ Bxf6 29. Ne4 Nxd5 30. Nxf6+ R8xf6 31. Bf2 Nxf4 32. g4 hxg4 33. hxg4
Re5 34. Bg3 g5 35. Bxf4 gxf4 36. Rdf2 Rh6+ 37. Rh3 Rxh3+ 38. Kxh3 Re3+ 0-1

[Event "Gibtelecom Masters"]
[Site "Gibraltar"]
[Date "2008.01.23"]
[Round "2.27"]
[White "Sandipan, Chanda"]
[Black "Tate, Alan"]
[Result "1-0"]
[WhiteElo "2593"]
[BlackElo "2163"]
[PlyCount "65"]
[EventDate "2008.01.22"]

1. e4 c5 2. Nf3 d6 3. Bb5+ Nd7 4. c3 Ngf6 5. Qe2 a6 6. Ba4 b5 7. Bc2 e5 8. d4
Be7 9. O-O O-O 10. a4 Bb7 11. d5 c4 12. Na3 Nc5 13. h3 Bc8 14. Nh2 Rb8 15. f4
Ne8 16. Nf3 f5 17. fxe5 fxe4 18. Nd4 Rxf1+ 19. Qxf1 Bb7 20. Bf4 dxe5 21. Bxe5
Bd6 22. Qf4 Bxd5 23. axb5 Bxe5 24. Qxe5 Qd6 25. Qg5 Ne6 26. Nxe6 Qxe6 27. bxa6
Rxb2 28. a7 e3 29. Re1 Nf6 30. Qf4 Ra2 31. Rxe3 Qa6 32. Qb8+ Kf7 33. Qc7+ 1-0

[Event "Gibtelecom Masters"]
[Site "Gibraltar"]
[Date "2008.01.23"]
[Round "2.29"]
[White "Kritz, Leonid"]
[Black "Compton, Alistair"]
[Result "1-0"]
[WhiteElo "2592"]
[BlackElo "2132"]
[PlyCount "107"]
[EventDate "2008.01.22"]

1. Nf3 d5 2. e3 Nf6 3. b3 Bg4 4. Bb2 e6 5. h3 Bxf3 6. Qxf3 Nbd7 7. g3 Bd6 8.
Bg2 O-O 9. O-O Qe7 10. Qe2 c6 11. d3 Rfe8 12. a3 h5 13. Nd2 e5 14. e4 dxe4 15.
dxe4 Nf8 16. Nc4 Bc7 17. a4 Rad8 18. Rad1 h4 19. Kh2 Ng6 20. Ne3 Nf4 21. Qc4
Nxg2 22. Kxg2 g6 23. Bc3 Rxd1 24. Rxd1 Rd8 25. Rxd8+ Qxd8 26. g4 Qd6 27. Nf1
Nd7 28. Nd2 Qe7 29. Nf3 Kg7 30. Bb4 Bd6 31. Bd2 Qd8 32. Be3 a6 33. g5 Be7 34.
Qc3 f6 35. Nxh4 fxg5 36. Nf3 Bf6 37. Qd2 Nf8 38. Qxd8 Bxd8 39. Nxe5 Ne6 40. Kf3
Bc7 41. Nd3 Bd6 42. Kg4 Kf6 43. a5 c5 44. e5+ Bxe5 45. Nxc5 Nxc5 46. Bxc5 Bc3
47. Bb6 Bd2 48. Bc7 Ke6 49. Kf3 Kd7 50. Bb6 Bc3 51. Ke4 Kc6 52. Kd3 Be1 53. c3
Kd5 54. Bd4 1-0

[Event "Gibtelecom Masters"]
[Site "Gibraltar"]
[Date "2008.01.23"]
[Round "2.32"]
[White "Bellon Lopez, Juan Manuel"]
[Black "Hansen, Pal Andreas"]
[Result "1/2-1/2"]
[WhiteElo "2455"]
[BlackElo "2108"]
[PlyCount "118"]
[EventDate "2008.01.22"]

1. d4 Nf6 2. Bg5 e6 3. e4 h6 4. Bxf6 Qxf6 5. Qd2 d6 6. Nc3 Nd7 7. Nf3 g5 8. Nb5
Qd8 9. Qc3 c6 10. d5 cxb5 11. dxe6 Nf6 12. Bxb5+ Ke7 13. e5 fxe6 14. exf6+ Kf7
15. O-O-O Qxf6 16. Nd4 Be7 17. Rhe1 e5 18. Bc4+ Kg7 19. Nb5 Bd7 20. Nc7 Qf4+
21. Re3 Rac8 22. Be6 Qa4 23. Rxe5 Bf6 24. Rxd6 Bxe6 25. Nxe6+ Kf7 26. Ra5 Bxc3
27. Rxa4 Be5 28. Rd7+ Kxe6 29. Rxb7 Bb8 30. Ra6+ Kf5 31. h3 Rc5 32. Rf7+ Ke5
33. c3 h5 34. Kc2 Rg8 35. g4 hxg4 36. hxg4 Ke4 37. Rff6 Bf4 38. Rxa7 Rd8 39.
Re7+ Kf3 40. Re3+ Kxg4 41. Rd3 Rxd3 42. Kxd3 Kf3 43. b4 Rc8 44. a4 Kxf2 45. a5
Kf3 46. a6 g4 47. b5 g3 48. Rg6 Bc7 49. c4 Bd8 50. Kd4 g2 51. c5 Be7 52. c6 Bd8
53. Kc5 Rb8 54. a7 Bb6+ 55. Kd6 Bxa7 56. Rxg2 Kxg2 57. c7 Rh8 58. Kd7 Rh7+ 59.
Kc6 Rh8 1/2-1/2